00769nam a2200205 a 450000100100000000500170001000800410002702000150006804000250008308200150010810000240012324500810014726000790022830000200030749000300032770000370035783000390039495201130043399900170054600004380920201002044959.0140506s1992 sp 000 0 spa d a8479692995 aDO-SdBNPbspacBNPHU axxxxbxxxx1 aCapek, Karel94720313aLa confesión de Don Juan /cKarel Capek; traducción Ana Orozco de Falbr. a[Madrid] :bCompañía Europea de Comunicación e Información,c1992. a93 p. ;c19 cm.1 aBiblioteca de El solv26412aOrozco de Falbr, Anaetr.971647 0aBiblioteca de El sol ;v264970009 001050718MOaGRbGRcCTd2014-05-06iLF1l0oxxxx xxxxp43809-10r2020-06-25w2020-06-25y1ZNo se presta c43298d43298